|
|
|
|
| LEADER |
02652nam a22003853i 4500 |
| 001 |
EBC6637708 |
| 003 |
MiAaPQ |
| 005 |
20231204023217.0 |
| 006 |
m o d | |
| 007 |
cr cnu|||||||| |
| 008 |
231204s2019 xx o ||||0 eng d |
| 020 |
|
|
|a 9783110659054
|q (electronic bk.)
|
| 035 |
|
|
|a (MiAaPQ)EBC6637708
|
| 035 |
|
|
|a (Au-PeEL)EBL6637708
|
| 035 |
|
|
|a (OCoLC)1273977012
|
| 040 |
|
|
|a MiAaPQ
|b eng
|e rda
|e pn
|c MiAaPQ
|d MiAaPQ
|
| 082 |
0 |
|
|a 364.15/1095
|
| 100 |
1 |
|
|a Jacob, Frank.
|
| 245 |
1 |
0 |
|a Genocide and Mass Violence in Asia :
|b An Introductory Reader.
|
| 250 |
|
|
|a 1st ed.
|
| 264 |
|
1 |
|a Berlin/München/Boston :
|b Walter de Gruyter GmbH,
|c 2019.
|
| 264 |
|
4 |
|c {copy}2019.
|
| 300 |
|
|
|a 1 online resource (226 pages)
|
| 336 |
|
|
|a text
|b txt
|2 rdacontent
|
| 337 |
|
|
|a computer
|b c
|2 rdamedia
|
| 338 |
|
|
|a online resource
|b cr
|2 rdacarrier
|
| 490 |
1 |
|
|a Genocide and Mass Violence in the Age of Extremes Series ;
|v v.1
|
| 505 |
0 |
|
|a Intro -- Contents -- 1. Genocide and Mass Violence in Asia: An Introduction -- Section I: Forms of Mass Violence and Genocide -- 2. Crowd Violence in East Pakistan/ Bangladesh 1971-1972 -- 3. "Kill 3 Million and the Rest Will Eat of Our Hands": Genocide, Rape, and the Bangladeshi War of Liberation -- Section II: Victims -- 4. Reframing the "Comfort Women" Issue: New Representations of an Old War Crime -- 5. From Student Activists to Muktibahini: Students, Mass Violence and the Bangladesh Liberation War -- Section III: Perpetrators -- 6. Narratives Without Guilt: The Self- Perception of Japanese Perpetrators -- 7. Excessive Violence in a War Without Fronts: Explaining Atrocities in South Vietnam (1965-1973) -- Section IV: Memory and Justice -- 8. Japanese War Crimes and War Crimes Trials in China -- 9. Forgotten Genocide in Indonesia: Mass Violence, Resource Exploitation and Struggle for Independence in West Papua -- 10. Murder, Museums, and Memory: Cold War Public History in Jakarta, Ho Chi Minh City, and Phnom Penh -- Contributors.
|
| 588 |
|
|
|a Description based on publisher supplied metadata and other sources.
|
| 590 |
|
|
|a Electronic reproduction. Ann Arbor, Michigan : ProQuest Ebook Central, 2023. Available via World Wide Web. Access may be limited to ProQuest Ebook Central affiliated libraries.
|
| 655 |
|
4 |
|a Electronic books.
|
| 776 |
0 |
8 |
|i Print version:
|a Jacob, Frank
|t Genocide and Mass Violence in Asia
|d Berlin/München/Boston : Walter de Gruyter GmbH,c2019
|
| 797 |
2 |
|
|a ProQuest (Firm)
|
| 830 |
|
0 |
|a Genocide and Mass Violence in the Age of Extremes Series
|
| 856 |
4 |
0 |
|u https://ebookcentral.proquest.com/lib/matrademy/detail.action?docID=6637708
|z Click to View
|